000 01933nam a22002417a 4500
003 DO-SdBNP
005 20250205122040.0
007 ta
008 210705b 2018 dr a 00| 0 eng d
020 _a9789945494471
040 _aDO-SdBNP
_bsap
_cBNPHU
082 4 _aBNPHU
100 1 _aSilié Ruiz, José
_971046
245 1 0 _aSu cerebro y usted /
_cJosé Silié Ruiz ; coordinación general y prólogo Margarita Cedeño.
260 _aSanto Domingo :
_bSerigraf,
_c2018.
300 _a178 p. :
_bil. ;
_c22 cm.
500 _aIncluye datos del autor en las solapas
505 0 _aPrólogo / Margarita Cedeño – Presentación -- Cerebro, inteligencia e intelectualidad -- Cisticercosis cerebral -- Demencias por infartos -- ¿Dr. Silié, cuándo tendré Alzheimer? -- El cerebro y el vino -- El adulto hiperactivo -- El Alzheimer y su modernidad -- El beso y el cerebro -- El cerebro y la felicidad -- El cerebro y la buena comida -- El cerebro de mi nieta -- El cerebro del líder -- El cerebro ético (la evolución) -- El cerebro ético (la conciencia) -- El cerebro ético (la neuroética) -- El cerebro femenino -- El cerebro hetero y homosexual -- El cerebro, la felicidad y el amor -- El cerebro, la palabra y la poesía -- El cerebro político (I) -- El cerebro político (II) -- El cerebro, el hambre y las privaciones -- El cerebro y el orgasmo -- El cerebro y la anatomía del amor -- El cerebro, cibernética y ciberética -- El cerebro y la conciencia -- El cerebro y la infelicidad -- El cerebro, la audición y la música -- El cerebro, dama de 50 años -- Migraña y modernidad -- Maestro de la medicina -- Las epilepsias y la modernidad -- El Deterioro Cognitivo Ligero -- El cerebro, la serotonina y el aprendizaje -- La demencia, la vejez y la neuropenalidad.
590 _aInventariado, 2021 /LP
700 1 _aCedeño de Fernández, Margarita
_d1965-
_epról.
_937198
910 _aLPérez
942 _2ddc
_cLBS1
999 _c50050
_d50050